| 000 | 00500cam a2200205ua 4500 | ||
|---|---|---|---|
| 020 | _cRs 44.00 | ||
| 041 |
_aeng _h |
||
| 082 |
_a532.5 _bLAM/HY |
||
| 100 | _aLamb, Horace . | ||
| 245 |
_aHydrodynamics / _cHorace Lamb. _hTextual Documents |
||
| 250 |
_a6 / _b. |
||
| 260 |
_aLondon : _bCambridge at the University Press , _c1932. |
||
| 300 | _a738 ; . | ||
| 365 | _aRs 44.00 | ||
| 500 | _a**Reference | ||
| 504 | _a | ||
| 942 | _cBK | ||
| 999 |
_c1489 _d1489 |
||